Oprobovanie, kontrolʹ i avtomatizat︠s︡ii︠a︡ prot︠s︡essov obogashchenii︠a︡ : dopushcheno v kachestve ucheb. posobii︠a︡ dli︠a︡ studentov obogatitelʹnoĭ spet︠s︡ialʹnosti gornykh i metallurgicheskikh vuzov /

Bibliographic Details
Main Author: Khan, G. A. (Grigoriĭ Anisimovich)
Format: Book
Language:Russian
Published: Moskva : Gos. nauchno-tekhn. izd-vo po chernoĭ i t︠s︡vetnoĭ metallurgii, 1958.
Subjects:

MARC

Tag First Indicator Second Indicator Subfields
LEADER 00000cam a2200000Ia 4500
001 in00001715321
005 20151024203238.0
008 030205s1958 ru a b 000 0 rusr
010 |a  58046675  
035 |a (OCoLC)ocm51577678 
040 |a DLC  |c TXA  |d UtOrBLW 
049 |a TXAM 
050 0 0 |a TN500  |b .K48 
100 1 |a Khan, G. A.  |q (Grigoriĭ Anisimovich) 
245 1 0 |a Oprobovanie, kontrolʹ i avtomatizat︠s︡ii︠a︡ prot︠s︡essov obogashchenii︠a︡ :  |b dopushcheno v kachestve ucheb. posobii︠a︡ dli︠a︡ studentov obogatitelʹnoĭ spet︠s︡ialʹnosti gornykh i metallurgicheskikh vuzov /  |c G.A. Khan. 
264 1 |a Moskva :  |b Gos. nauchno-tekhn. izd-vo po chernoĭ i t︠s︡vetnoĭ metallurgii,  |c 1958. 
300 |a 379 pages :  |b illustrations ;  |c 23 cm. 
336 |a text  |b txt  |2 rdacontent 
337 |a unmediated  |b n  |2 rdamedia 
338 |a volume  |b nc  |2 rdacarrier 
504 |a Includes bibliographical references (pages 377-[379]). 
650 0 |a Ore-dressing. 
948 |a cataloged  |b h  |c 2003/2/5  |d c  |e spoltoratski  |f 12:28:20 pm 
994 |a E0  |b TXA 
999 |a MARS 
999 f f |s c45f4f50-65c5-33c2-9e5c-0e0f62877cf1  |i d566a16e-012f-338e-82d7-d41f91c316fe  |t 0 
952 f f |p ric  |a Texas A&M University  |b Rellis Campus  |c Joint Library Facility  |d Remote Storage  |t 0  |e TN500 .K48  |h Library of Congress classification  |i unmediated -- volume  |m A14829825513 
998 f f |a TN500 .K48  |t 0  |l Remote Storage